00350nam a2200133Ia 4500008004100000041000800041082001500049100002100064245004500085250001400130260003700144300002800181365000700209240624s9999 xx 000 0 und d aeng a658.15 CHA aCHANDRA PRASANNA aFINANCIAL MANAGEMENT THEORY AND PRACTICE a(6th ed.) c2004aNew DelhibTata McGrawhill axxix, : 1155 : cm. ; 24 cRS